000 00737nam a2200229 i 4500
001 135200
003 ES-MaACL
005 20230906194828.0
007 t|
008 070711s1961 sp ||||1| spa d
080 _a616.15(082)
080 _a612.1(082)
100 1 _aTocantins, Leander M.
_9110386
245 1 0 _aProgresos en hematología /
_cdirector Leandro M. Tocantins ; traducción de M. Miserachs Rigalt.
260 _aBarcelona :
_bEd. Científico-Médica,
_c1961.
300 _aXVI, 317 p. :
_bil. ;
_c25 cm.
650 4 _aHematología.
_913300
650 1 4 _aSangre-
_xEnfermedades.
_916982
700 1 _aTocantins, Leandro Maues.
_9110387
700 1 _aMiserach Rigalt,.
_981643
852 _aES-MaACL
_jC-20892
_bR.49102
999 _c135200
_d135200